Disney Villains - Statistics

General Stats
  • This quiz has been taken 38 times
  • The average score is 8 of 18
Answer Stats
Hint Answer % Correct
The lion king Scar
97%
Aladdin Jafar
85%
The little mermaid Ursula
74%
Snow White Queen Grimhilde/Evil Queen
59%
Frozen Hans
56%
The emperor's new groove Yzma
56%
Sleeping beauty Maleficent
53%
Princess and the frog Dr. Facilier
44%
Moana Te Kā/Tamatoa
44%
The jungle book Sher Khan
38%
Cinderella Lady Tremaine
35%
Mulan Shan Yu
32%
A bug's life Hopper
29%
Bambi Man/Ronno
29%
Brave Mor'du
29%
Pocahontas Gov Ratcliff
24%
Beauty and the beast Gaton
9%
Mary Poppins Dawes Sr
3%
No matching quizzes found
Score Distribution
Percent of People with Each Score
Percentile by Number Answered
Your Score History
You have not taken this quiz